Top 100 Cities in Africa - Statistics

General Stats
  • This quiz has been taken 2,628 times
    1,679 since last reset
  • The average score is 50 of 100
Answer Stats
Rank Population Country Answer % Correct
2 9,607 Egypt Cairo
99%
1 13,745 Nigeria Lagos
98%
3 7,861 South Africa Johannesburg
97%
14 3,431 South Africa Cape Town
96%
7 5,264 Egypt Alexandria
95%
4 7,274 D.R.Congo Kinshasa
95%
9 4,397 Kenya Nairobi
95%
23 2,364 Algeria Algiers
93%
12 3,860 Ethiopia Addis Ababa
92%
13 3,563 Morocco Casablanca
92%
5 6,759 Angola Luanda
92%
20 2,647 Senegal Dakar
89%
19 2,690 Nigeria Abuja
88%
26 2,070 Ghana Accra
88%
39 1,293 Libya Tripoli
88%
11 4,365 Tanzania Dar es Salaam
87%
38 1,411 Sudan Khartoum
87%
32 1,763 South Africa Pretoria
86%
28 1,982 Rep. Congo Brazzaville
85%
36 1,650 Somalia Mogadishu
85%
97 603 Tunisia Tunis
83%
37 1,492 Zimbabwe Harare
81%
18 2,766 Cameroon Yaoundé
79%
6 5,617 Ivory Coast Abidjan
78%
41 1,274 Madagascar Antananarivo
78%
16 2,786 South Africa Durban
78%
33 1,681 Uganda Kampala
78%
21 2,628 Zambia Lusaka
78%
45 1,187 Morocco Fès
76%
95 609 Sierra Leone Freetown
76%
22 2,415 Burkina Faso Ouagadougou
76%
94 620 Djibouti Djibouti
75%
50 1,080 Mozambique Maputo
75%
24 2,174 Togo Lomé
74%
62 971 Morocco Marrakech
74%
57 1,022 Liberia Monrovia
74%
31 1,810 Mali Bamako
73%
70 859 Rwanda Kigali
73%
35 1,661 Guinea Conakry
70%
8 4,910 Nigeria Kano
70%
64 951 Chad N'Djamena
70%
68 896 Eritrea Asmara
67%
85 704 Gabon Libreville
67%
52 1,056 Malawi Lilongwe
66%
44 1,208 Kenya Mombasa
65%
72 812 Central African Republic Bangui
64%
61 978 Niger Niamey
64%
63 958 Mauritania Nouakchott
60%
69 876 South Africa Port Elizabeth
57%
49 1,087 Morocco Tangier
57%
17 2,768 Cameroon Douala
54%
10 4,367 Egypt Giza
54%
73 803 Algeria Oran
52%
76 750 Libya Benghazi
51%
15 3,190 Nigeria Ibadan
51%
34 1,680 Nigeria Benin City
49%
88 679 Benin Cotonou
47%
25 2,120 Nigeria Port Harcourt
45%
74 781 Egypt Port Said
45%
40 1,283 D.R.Congo Lubumbashi
42%
27 2,035 Ghana Kumasi
41%
86 700 Egypt Suez
41%
43 1,214 D.R.Congo Mbuji-Mayi
25%
55 1,032 Rep. Congo Pointe-Noire
24%
71 830 Malawi Blantyre
23%
77 741 Somalia Hargeisa
23%
87 683 D.R.Congo Kisangani
22%
30 1,850 Sudan Omdurman
22%
90 666 Zimbabwe Bulawayo
19%
29 1,850 Nigeria Kaduna
19%
46 1,160 Nigeria Aba
17%
48 1,110 Nigeria Maiduguri
17%
65 950 Nigeria Enugu
15%
53 1,040 Nigeria Jos
15%
47 1,150 Nigeria Onitsha
15%
82 721 D.R.Congo Kananga
14%
67 905 Burkina Faso Bobo-Dioulasso
13%
84 706 Tanzania Mwanza
12%
75 753 Senegal Touba
12%
51 1,080 Nigeria Ilorin
11%
54 1,040 Nigeria Sokoto
11%
66 910 Nigeria Warri
11%
99 595 Angola Huambo
10%
58 1,012 Sudan Khartoum-North
10%
91 663 Mozambique Nampula
10%
60 980 Nigeria Zaria
10%
98 601 Angola Lubango
8%
59 996 Morocco Salé
8%
78 740 Ivory Coast Bouaké
7%
83 715 Zambia Kitwe
7%
56 1,032 Mozambique Matola
6%
79 735 Nigeria Abeokuta
4%
89 670 Nigeria Katsina
4%
42 1,240 Egypt Shubra el-Kheima
4%
80 730 Nigeria Akure
3%
92 645 Nigeria Oshogbo
3%
96 606 South Africa Evaton
2%
81 728 South Africa Soshanguve
2%
93 622 Egypt El Mansoura
1%
100 593 Egypt Mahalla el-Kubra
1%
No matching quizzes found
Score Distribution
Percent of People with Each Score
Percentile by Number Answered
Your Score History
You have not taken this quiz since the last reset